Čo s bioodpadom?

Využívanie obnoviteľných zdrojov energií v SR a EÚ. Obnoviteľné nosiče energie a ich plánovaný podiel v energetike na rok 2020. Potenciál využitia biomasy. Možnosti využitia biomasy na energetické účely. Odpady, biologický odpad, spracovanie bioodpadu. Spôsoby zhodnocovania tuhých komunálnych odpado...

Full description

Saved in:
Bibliographic Details
Main Author: Jaška, Juraj, 1979-
Format: Book Chapter
Language:Slovak
Subjects:
Tags: Add Tag
No Tags, Be the first to tag this record!

MARC

LEADER 00000nla a2200000 4500
001 0180205
005 20240502073051.0
041 0 |a slo 
044 |a SK 
245 1 0 |a Čo s bioodpadom?  |c Juraj Jaška 
520 |a Využívanie obnoviteľných zdrojov energií v SR a EÚ. Obnoviteľné nosiče energie a ich plánovaný podiel v energetike na rok 2020. Potenciál využitia biomasy. Možnosti využitia biomasy na energetické účely. Odpady, biologický odpad, spracovanie bioodpadu. Spôsoby zhodnocovania tuhých komunálnych odpadov. Zhodnotenie odpadu. Hierarchia odpadového hospodárstva. 
610 2 0 |a zdroje energie obnoviteľné 
610 2 0 |a odpad 
610 2 0 |a bioodpad 
610 2 0 |a odpad komunálny 
610 2 0 |a recyklácia odpadu 
610 2 0 |a biomasa 
100 1 |a Jaška, Juraj, 1979-